000 00285nam a2200121Ia 4500
008 150201s2006 xx 000 0 und d
082 _a610
_bM06P
100 _aPANDA,UN
245 _aMEDICINE PEARLS
260 _bAITBS
_aDELHI
_c2006
650 _aMEDICINE AND DIAGNOSIS
942 _2ddc
_cBK
999 _c823
_d823